000 00851nam a2200277 a 4500
001 44774
003 BD-RjUL
005 20211209053920.0
008 160720r19641952nyua 000 0 eng
035 _a(OCoLC)ocm00169305
035 _a(BD-RjUL)44892
035 _a(NNC)1881597
040 _aDLC
_cWSU
_dOCL
_dSER
_dUKM
_dPGC
_dBD-RjUL
_beng
041 _aeng
082 0 0 _a338.52
_bSTT 1964
100 1 _aStigler, George J.
_q(George Joseph),
_d1911-1991.
_9137260
245 1 4 _aThe theory of price /
_cGeorge J. Stigler.
250 _aRev. ed.
260 _aNew York :
_bMacmillan,
_c1952
_c[printing 1964]
300 _a310 p. :
_bill. ;
_c22 cm.
500 _aFirst published in 1942 under title: The theory of competitive price.
650 0 _aPrices.
_9137261
650 0 _aEconomics.
_9137262
942 _2ddc
_cBK
999 _c44774
_d44774